Countries That Export The Most Fertilizer - Statistics

General Stats
  • This quiz has been taken 631 times
  • The average score is 10 of 20
Answer Stats
Export Value Country % Correct
4,134,411 United States
98%
7,170,886 China
97%
8,401,891 Russia
95%
5,607,950 Canada
89%
1,102,555 Germany
84%
1,060,359 Spain
69%
724,189 Poland
58%
1,259,170 Egypt
57%
832,204 Algeria
50%
1,132,164 Saudi Arabia
50%
2,914,949 Morocco
43%
2,214,721 Netherlands
37%
2,447,749 Belarus
32%
2,340,453 Belgium
32%
841,474 Oman
28%
1,231,938 Israel
26%
651,295 Malaysia
22%
661,853 Jordan
21%
1,458,232 Qatar
19%
937,186 Lithuania
11%
No matching quizzes found
Score Distribution
Percent of People with Each Score
Percentile by Number Answered
Your Score History
You have not taken this quiz